| 000 | 01743nam a2200517 i 4500 | ||
|---|---|---|---|
| 001 | 41862 | ||
| 003 | KOSZ 005 | ||
| 005 | 20220505090322.0 | ||
| 008 | 031210s2002 pl |001 0 pol | ||
| 015 | _aUWD 2003/20727 | ||
| 020 | _a8388440179 | ||
| 035 | _a991021787989705066 | ||
| 035 | _a(PL-WaBN)b15886803-48omnis_nlop | ||
| 035 | _ab15886803 | ||
| 035 | _a(OCoLC)749278332 | ||
| 035 | _azz2002910483 | ||
| 035 | _a(PL)b0000001588680 | ||
| 035 | _a(EXLNZ-48OMNIS_NETWORK)9910111337805606 | ||
| 040 |
_aWA N _cWA N _dKOSZ 005/HR |
||
| 041 | 1 |
_apol _heng |
|
| 046 | _k2002 | ||
| 080 | _a004.42 | ||
| 080 | _a(07) | ||
| 245 | 0 | 0 |
_aMicrosoft Office XP Resource Kit / _c[przekł. Krzysztof Szkudlarek]. |
| 246 | 1 |
_iTyt. oryg.: _aMicrosoft Office XP Resource Kit |
|
| 260 |
_aWarszawa : _bAPN Promise, _c2002. |
||
| 300 |
_aXXII, 665 s. ; _c23 cm + _eCD-ROM. |
||
| 336 |
_aTekst _btxt _2rdacontent |
||
| 337 |
_aBez urządzenia pośredniczącego _bn _2rdamedia |
||
| 338 |
_aWolumin _bnc _2rdacarrier |
||
| 380 | _aKsiążki | ||
| 388 | _a2001- | ||
| 490 | 1 | _aResource Kit | |
| 500 | _aNa okł. podtyt.: wszechstronne informacje techniczne i narzędzia niezbędne do prawidłowego i efektywnego wdrożenia i zarządzania Office XP. | ||
| 504 | _aIndeks. | ||
| 521 | 8 | _aIT Professional. | |
| 650 | 7 |
_aMicrosoft Office _2DBN |
|
| 650 | 7 |
_aPakiety biurowe _2DBN |
|
| 655 | 7 |
_aPodręcznik _2DBN |
|
| 658 | _aInformatyka i technologie informacyjne | ||
| 700 | 1 |
_aSzkudlarek, Krzysztof _eTłumaczenie |
|
| 830 | 0 | _aResource Kit | |
| 856 |
_uhttp://koha.tu.koszalin.pl/cgi-bin/koha/opac-detail.pl?biblionumber=41862 _yKatalog online BPK |
||
| 942 |
_2UKD _cKS |
||
| 999 |
_c41862 _d41862 |
||